| 000 | 00453pab a2200157 454500 | ||
|---|---|---|---|
| 008 | 180718b2011 xxu||||| |||| 00| 0 eng d | ||
| 100 | _aBernerth, Jeremy B. et al. | ||
| 245 | _aA study of workplace justice differences during times of change: It's not all about me | ||
| 260 | _c2011 | ||
| 300 | _ap.336-359. | ||
| 362 | _aSep | ||
| 650 | _aOrganizational change | ||
| 773 | _aJournal of Applied Behavioral Science | ||
| 908 | _aN | ||
| 909 | _a93318 | ||
| 999 |
_c93318 _d93318 |
||